000 00308nam a2200133Ia 4500
008 220204s9999 xx 000 0 und d
082 _aNR:62:006.73
_bSMR
100 _aSekaran Nair
245 0 _aSMR and its control
250 _aEd.2
260 _aKuala Lumpur
_bRRIM
_c1972
650 _aSMR
942 _cBK
999 _c40160
_d40160